ბათუმის შოთა რუსთაველის სახელმწიფო უნივერსიტეტის ბიბლიოთეკა

აჭარის ასსრ. ძირითადი ნიადაგები (ბიბ.ჩანაწერი № 44485)

000 -LEADER
fixed length control field 00817nam a2200217Ia 4500
001 - CONTROL NUMBER
control field 11283
003 - CONTROL NUMBER IDENTIFIER
control field GE_BSU
008 - FIXED-LENGTH DATA ELEMENTS--GENERAL INFORMATION
fixed length control field 181216s||||||||xx |||||||||||||| ||und||
040 ## - CATALOGING SOURCE
Transcribing agency GE_BSU
080 ## - UNIVERSAL DECIMAL CLASSIFICATION NUMBER
Universal Decimal Classification number 631.4(479.223)
100 ## - MAIN ENTRY--PERSONAL NAME
Personal name თავართქილაძე ანზორ
245 ## - TITLE STATEMENT
Title აჭარის ასსრ. ძირითადი ნიადაგები
245 ## - TITLE STATEMENT
Statement of responsibility, etc. რედ: გ. ტალახაძე
260 ## - PUBLICATION, DISTRIBUTION, ETC.
Place of publication, distribution, etc. ბათუმი.
260 ## - PUBLICATION, DISTRIBUTION, ETC.
Name of publisher, distributor, etc. საბჭოთა აჭარა.
260 ## - PUBLICATION, DISTRIBUTION, ETC.
Date of publication, distribution, etc. 1983
300 ## - PHYSICAL DESCRIPTION
Extent 111გვ. 23სმ.
300 ## - PHYSICAL DESCRIPTION
Accompanying material რეზიუმე რუსულ და ინგლისურ ენებზე გვ.109-111
653 ## - INDEX TERM--UNCONTROLLED
Uncontrolled term აჭარის ასსრ. ძირითადი ნიადაგები
942 ## - ADDED ENTRY ELEMENTS (KOHA)
Koha item type წიგნი
ეგზემპლარები
Withdrawn status Lost status Damaged status Not for loan Date acquired Barcode Date last seen Price effective from Koha item type
        2018-12-17 19576 2018-12-17 2018-12-17 წიგნი
        2018-12-17 19577 2018-12-17 2018-12-17 წიგნი
        2018-12-17 19578 2018-12-17 2018-12-17 წიგნი
        2018-12-17 19579 2018-12-17 2018-12-17 წიგნი
        2018-12-17 19580 2018-12-17 2018-12-17 წიგნი
        2018-12-17 19581 2018-12-17 2018-12-17 წიგნი
        2018-12-17 19582 2018-12-17 2018-12-17 წიგნი
        2018-12-17 19583 2018-12-17 2018-12-17 წიგნი
        2018-12-17 19584 2018-12-17 2018-12-17 წიგნი
        2018-12-17 19585 2018-12-17 2018-12-17 წიგნი